000 00701nam a2200205Ia 4500
003 GCL
008 140319s9999 xx 000 0 ara d
040 _aGCL /
_cGCL
082 0 4 _a242
_bا ا
100 1 _aرفعت فوزى عبدالمطلب
245 1 0 _aالابتهاج فى احاديث المعراج /
_cرفعت فوزى عبدالمطلب
700 1 _aابوالخطاب بن دحية
300 _a184 ص
490 _aالهيئة العامة للاستعلامات
_v0
650 0 4 _aالسيرة النبوية
650 0 4 _aالاسراء والمعراج
650 0 4 _aالسيرةالنبوية -الاسراءوالمعراج
650 0 4 _aالمعراج
942 _2ddc
_cBK
999 _c48013
_d48013